01464 a2200169 4500003000400000005001700004008004100021020001800062100002300080245002200103260004800125300001200173520093500185942001201120999001901132952014301151OSt20251211155828.0251211b |||||||| |||| 00| 0 eng d a9780143478560 aDhillon K.9215597 aOperation Sindoor bPenguin Random House Indiac2025aNew Delhi a248 pp. aAn authentic and valuable retelling of India’s thunderous mission that has substantially changed the level of security in the subcontinent. ― GEN. V.P. MALIK, PVSM, AVSM (Retd) Former Chief of the Army Staff Operation SINDOOR - Justice is Served ― Additional Directorate General of Strategic Communication, Indian Army We have at least five fighters (Pakistani) confirmed kills and one large aircraft, which could be either an ELINT aircraft or an AEW &C aircraft, which was taken at a distance of about 300 kilometres. This is actually the largest ever recorded surface-to-air kill. ― Air Chief Marshal Amar Preet Singh, PVSM, AVSM, Indian Air Force Chief The Army General Headquarters (GHQ) can move from Rawalpindi to Khyber Pakhtunkhwa or wherever they want to move, but they are all within range, so they will have to really find a deep hole. ― LT GEN. IVAN D’CUNHADirector General Army Air Defence, Indian Arm cBK2ddc c369215d369215 00102ddc40708BCA Punea001b001d2025-12-02e8g449.25l4pKBJP-BK-2861r2026-03-24 13:22:56s2026-03-16v599.00w2025-12-02yBKz2861